000 01074cam a22003377a 4500
003 CHAP
005 20220329142334.0
008 000817d1991 mx a r 00110 esp d
010 _a82004
011 _a82976
020 _a9681840054
035 _a93484
040 _cCHAP
082 0 4 _a633.85
_bR6 1991
100 0 0 _aRobles Sánchez, Raúl.
_998118
245 1 0 _aProducción de oleaginosas y textiles
_c/por Raúl Robles Sánchez
250 _a3a ed.
260 _aMéxico, D.F. :
_bLimusa,
_c1991.
300 _a684 p.
590 _aBATCH-UPD
_b10
_c20130110
_lUCH01
_h0145
590 _aBATCH-UPD
_b10
_c20130110
_lUCH01
_h2306
590 _aBATCH-UPD
_b10
_c20130409
_lUCH01
_h2144
590 _aBATCH-UPD
_b10
_c20130914
_lUCH01
_h1920
590 _aCONVERSION
_b10
_c20130109
_lUCH01
_h1346
650 1 4 _aPlantas oleaginosas.
_989032
650 1 4 _aTextiles.
_9112555
901 _aBK
905 _aPatricia Mendoza P.
942 _cLIBRO
949 _a633.85 R6 1991
_bBC
_cLIBRO
_d33724000786190
_eLIBRO
_h45134
_i93484
_mSustituye a c.2 v.3 Fremand, Yan., El cocotero
_si
999 _c82004
_d82004